[Event "AUT-ch U10"]
[Site "Feldkirchen"]
[Date "1998.??.??"]
[Round "7"]
[White "Michel, Helmut"]
[Black "Stadler, Daniel"]
[Result "1-0"]
[WhiteElo "1317"]
[BlackElo "1279"]
[PlyCount "55"]
[EventDate "1998.05.30"]
[EventType "swiss"]
[EventRounds "7"]
[EventCountry "AUT"]
[SourceTitle "EXT 2000"]
[Source "ChessBase"]
[SourceDate "1999.11.16"]
[SourceVersion "1"]
[SourceVersionDate "1999.11.16"]
[SourceQuality "1"]

1. e4 e5 2. Nf3 Nc6 3. d4 exd4 4. Nxd4 Bc5 5. Be3 Qf6 6. c3 Nge7 7. Nxc6 Bxe3 8. fxe3 Qxc6 9. Qf3 0-0 10. Bd3 d6 11. c4 Be6 12. Nc3 Bxc4 13. Bxc4 Qxc4 14. Ne2 Qb4+ 15. Kf2 Qxb2 16. Rhb1 Qe5 17. Rc1 Qxh2 18. Ng3 Rae8 19. Rh1 Qxh1 20. Rxh1 c5 21. Nf5 Nxf5 22. exf5 c4 23. Qg3 c3 24. f6 g6 25. Qg5 Re5 26. Qh6 Rf5+ 27. Ke2 Rxf6 28. Qxh7# 1-0

[Event "AUT-ch U10"]
[Site "Feldkirchen"]
[Date "1998.??.??"]
[Round "6"]
[White "Stoiber, Philipp"]
[Black "Michel, Helmut"]
[Result "1/2-1/2"]
[WhiteElo "1376"]
[BlackElo "1317"]
[PlyCount "132"]
[EventDate "1998.05.30"]
[EventType "swiss"]
[EventRounds "7"]
[EventCountry "AUT"]
[SourceTitle "EXT 2000"]
[Source "ChessBase"]
[SourceDate "1999.11.16"]
[SourceVersion "1"]
[SourceVersionDate "1999.11.16"]
[SourceQuality "1"]

1. e4 e6 2. Nc3 d5 3. f3 Bb4 4. Nge2 Be7 5. Ng3 c5 6. Bb5+ Bd7 7. Bxd7+ Qxd7 8. d4 dxe4 9. dxc5 Qxd1+ 10. Nxd1 Bxc5 11. Nxe4 Nd7 12. Be3 Bxe3 13. Nxe3 b6 14. 0-0-0 Ngf6 15. Nd6+ Ke7 16. Rhe1 Kf8 17. Nec4 Rd8 18. Ne5 Nxe5 19. Rxe5 g6 20. Nb5 Rxd1+ 21. Kxd1 Nd7 22. Re2 a5 23. Rd2 Ke7 24. a3 h5 25. b4 a4 26. Nc3 Ra8 27. b5 f5 28. h3 Nf8 29. Rd4 g5 30. Rxa4 Rxa4 31. Nxa4 Nd7 32. g3 e5 33. Ke2 g4 34. hxg4 hxg4 35. fxg4 fxg4 36. Ke3 Kd6 37. Ke4 Nf6+ 38. Kf5 Nd5 39. Kxg4 e4 40. Nb2 e3 41. Kf3 Kc5 42. Na4+ Kd4 43. Nxb6 Nxb6 44. g4 Nd5 45. b6 Nxb6 46. g5 Nd5 47. g6 Nf4 48. g7 e2 49. g8Q e1Q 50. Qd8+ Nd5 51. Qh8+ Kc5 52. Qc8+ Kb5 53. Qd7+ Kc5 54. Qc8+ Kd4 55. c3+ Nxc3 56. Kg4 Qe4+ 57. Kg5 Qe5+ 58. Qf5 Ne4+ 59. Kg6 Qd6+ 60. Kf7 Qc7+ 61. Kg6 Qg3+ 62. Kh6 Qd6+ 63. Qg6 Qf4+ 64. Kg7 Kd5 65. Qf7+ Ke5 66. Qxf4+ Kxf4 1/2-1/2